Les universites a la loupe

Αποθηκεύτηκε σε:
Λεπτομέρειες βιβλιογραφικής εγγραφής
Κύριος συγγραφέας: Le Bris, Raymond - Francois
Μορφή: Βιβλίο
Γλώσσα:French
Δημοσίευση: Paris : Atla/Economica, 1985
Θέματα:
Ετικέτες: Προσθήκη ετικέτας
Δεν υπάρχουν, Καταχωρήστε ετικέτα πρώτοι!

MARC

LEADER 00000nam a2200000 i 4500
001 1/59701
008 960524s1985 fre d
020 |a 2-7312-0514-8 
035 |l 10028586 
040 |a GR-MY-UA  |b gre  |e aacr 
041 0 |a fre 
082 0 |a 378.44 
100 1 |a Le Bris, Raymond - Francois. 
245 1 4 |a Les universites a la loupe /  |c Raymond-Francois le Bris 
260 |a Paris :   |b Atla/Economica,   |c 1985 
300 |a 256 p. 
500 |a Includes lexico 
650 0 0 |a Universities and colleges  |z France. 
650 0 0 |a Education, Higher  |z France. 
852 |a INST  |b CHIOS  |e 19960524  |h 378.44 BRI  |p 005200002631  |q 005200002631  |t BK  |y 0 
909 |a Χ  |b 010926